| 000 | 00694nam0a22002411 4500 | ||
|---|---|---|---|
| 001 | rc\1111766 | ||
| 005 | 20250622182231.0 | ||
| 035 | _a(NLR Aleph) 006356003 | ||
| 090 |
_a4851707 _c4851707 |
||
| 100 | _a20041126d1982 |||y0rusy50 ca | ||
| 101 | 0 | _arus | |
| 102 | _aRU | ||
| 105 | _ay ||||||||| | ||
| 200 | 1 | _aЦена и качество угольной продукции | |
| 210 |
_aМ. _cНедра _d1982 |
||
| 215 |
_a201 с. _d21 |
||
| 320 | _aБиблиогр.: с. 199-200 (29 назв.) | ||
| 700 | 1 |
_aТолкацер _bД.Я. _gДмитрий Яковлевич |
|
| 801 | 0 |
_aRU _bNLR _gpsbo |
|
| 801 | 1 |
_aRU _bELAR _2rusmarc |
|
| 852 |
_aNLR _j83-5/1865 |
||
| 942 | _cBOOK | ||
| 980 | _aNB | ||